Statistiken für Die beliebtesten Babynamen 2023

Klicken Sie hier um das Quiz zu spielen!

Allgemein

  • Dieses Quiz wurde 432 mal gespielt
  • Das Durchschnittsergebnis liegt bei 10 aus 30

Antwortstatistiken

Jungen% Korrekt
Lia
63%
Lena
61%
Anna
60%
Mia
55%
Paul
55%
Emil
53%
Lukas
52%
Lea
51%
Emma
48%
Lina
37%
Emilia
36%
Felix
35%
Elias
32%
Laura
31%
Theo
28%
Anton
27%
Leonie
27%
Johanna
24%
Mila
23%
Thomas
21%
Ella
20%
Jakob
20%
Liam
19%
Michael
15%
Linus
14%
Samuel
14%
Ida
13%
Levi
12%
Amalia
3%
Leano
3%

Verteilung der Resultate

Perzentil nach korrekt beantworteten Fragen

Anzahl Personen mit jedem Resultat

Ihre Resultats-Entwicklung

Sie haben dieses Quiz noch nicht gespielt